000 00689nam a22002297a 4500
001 BR9605120
003 BR-BrBNA
005 20230928095053.0
007 ta
008 230509b bl.||||| |||| 00| 0 por d
040 _aBR-BrBNA
_bpor
_cBiblioteca Nacional de Agricultura
041 _a(Por)
072 _aE14
090 _ E14 BR9605120
110 1 _aEmpresa de Assistencia Tecnica e Extensao Rural do Estado de Mato Grosso, Cuiaba (Brasil)
_94017
245 1 _aProjeto EMBRATER/FAO/MA. Relatorio de atividades 1976/77
260 3 _aCuiaba, MT (Brasil):
_c1977.
300 _a31 p.
650 _aProjeto de Desenvolvimento
909 _a202309
_bLucia
_c55
_dLucia Elande
942 _cBK
999 _c54341
_d54341